[Event "NCL967 SW Dragons-Wessex"]
[Site "Rd5"]
[Date "1997.01.25"]
[Round "5.3"]
[White "Morris, Charles"]
[Black "Neil, David"]
[Result "1-0"]
[WhiteElo "2215"]
[BlackElo "2295"]
[PlyCount "73"]
[EventDate "1997.01.25"]
[Source "J.Saunders"]
[SourceDate "1998.06.06"]

1. c4 e5 2. Nc3 Nc6 3. g3 g6 4. Bg2 Bg7 5. e3 d6 6. Nge2 Be6 7. d4 Bxc4 8. d5
Bxe2 9. Qxe2 Nb8 10. Qb5+ Nd7 11. Qxb7 Ne7 12. Qb5 O-O 13. h4 f5 14. e4 Nc5 15.
O-O Rb8 16. Qe2 f4 17. Rb1 h5 18. b4 Nd7 19. Qa6 g5 20. hxg5 Ng6 21. Bh3 h4 22.
Be6+ Rf7 23. g4 Qxg5 24. Qxa7 Rbf8 25. f3 Kh7 26. Qxc7 Re7 27. Qxd6 Nf6 28. Bf5
Rff7 29. Qb8 Nd7 30. Qd6 Ndf8 31. Qa6 h3 32. Bd2 Kg8 33. d6 Ra7 34. Qc4 Nh4 35.
Be1 Kh8 36. Bc8 Ra3 37. Qxf7 1-0

[Event "NCL967 SW Dragons-Wessex"]
[Site "Rd5"]
[Date "1997.01.25"]
[Round "5.4"]
[White "Yeo, Michael"]
[Black "Zeidler, Sven"]
[Result "1/2-1/2"]
[WhiteElo "2205"]
[BlackElo "2265"]
[PlyCount "92"]
[EventDate "1997.01.25"]
[Source "J.Saunders"]
[SourceDate "1998.06.06"]

1. e4 d5 2. exd5 Qxd5 3. Nc3 Qa5 4. d4 Nf6 5. Nf3 Bg4 6. h3 Bh5 7. g4 Bg6 8.
Ne5 e6 9. h4 Nbd7 10. Nc4 Qa6 11. h5 Be4 12. Rh3 Bb4 13. f3 Bd5 14. Nd2 Qa5 15.
g5 Bxc3 16. bxc3 Qxc3 17. gxf6 Qxa1 18. fxg7 Rg8 19. c4 Bc6 20. Nb3 Qxa2 21. h6
Ba4 22. f4 O-O-O 23. Qd3 Qxb3 24. Qxb3 Bxb3 25. Rxb3 f5 26. Bb2 Nf6 27. Bg2 Ng4
28. Bxb7+ Kd7 29. d5 exd5 30. Bxd5 Rge8+ 31. Kf1 Nxh6 32. Rh3 Ng8 33. Rxh7 c6
34. Bf7 Re4 35. Be5 Ke7 36. Bg6 Rxc4 37. Bxf5 Rd2 38. Ke1 Rg2 39. Kd1 Ra4 40.
Rh5 Raa2 41. Rg5 Rxg5 42. fxg5 Ra5 43. Bf6+ Kf7 44. Bd3 Nxf6 45. gxf6 Rg5 46.
Bc4+ Kxf6 1/2-1/2

[Event "NCL967 SW Dragons-Wessex"]
[Site "Rd5"]
[Date "1997.01.25"]
[Round "5.6"]
[White "Brameld, Arthur"]
[Black "Smith, Jeff R"]
[Result "1/2-1/2"]
[WhiteElo "2199"]
[BlackElo "2200"]
[PlyCount "58"]
[EventDate "1997.01.25"]
[Source "J.Saunders"]
[SourceDate "1998.06.06"]

1. e4 e6 2. d4 d5 3. Nc3 Bb4 4. Qd3 dxe4 5. Qxe4 Nf6 6. Qh4 b6 7. Nf3 Bb7 8.
Bb5+ c6 9. Bd3 Nbd7 10. a3 Be7 11. O-O Nd5 12. Qg3 Nxc3 13. bxc3 Bf6 14. Ng5
Bxg5 15. Bxg5 Nf6 16. Rfe1 Qd7 17. Qe5 Ke7 18. f4 Qd6 19. Re2 c5 20. f5 cxd4
21. cxd4 Rad8 22. Qxd6+ Rxd6 23. c3 h6 24. Bf4 Rc6 25. c4 Kd8 26. fxe6 Rxe6 27.
Rxe6 fxe6 28. Re1 Kd7 29. c5 bxc5 1/2-1/2

[Event "NCL967 SW Dragons-Wessex"]
[Site "Rd5"]
[Date "1997.01.25"]
[Round "5.8"]
[White "Howard, Emily"]
[Black "Dyce, Abigail"]
[Result "1/2-1/2"]
[WhiteElo "1904"]
[BlackElo "1800"]
[PlyCount "44"]
[EventDate "1997.01.25"]
[Source "J.Saunders"]
[SourceDate "1998.06.06"]

1. e4 e6 2. d4 d5 3. Nc3 Nf6 4. e5 Nfd7 5. f4 c5 6. Nf3 Nc6 7. Be3 Qb6 8. Rb1
cxd4 9. Nxd4 Bc5 10. Na4 Qa5+ 11. c3 Bxd4 12. Bxd4 Nxd4 13. b4 Nf3+ 14. Kf2 Qd8
15. Qxf3 g5 16. g3 gxf4 17. gxf4 Rg8 18. Bd3 Qh4+ 19. Ke3 b6 20. Qf2 Qh3+ 21.
Qf3 Qh4 22. Qf2 Qh3+ 1/2-1/2

[Event "NCL967 Croydon-Slough"]
[Site "Rd5"]
[Date "1997.??.??"]
[Round "5.1"]
[White "Lalic, Bogdan"]
[Black "Naylor, John"]
[Result "1-0"]
[WhiteElo "2565"]
[BlackElo "2295"]
[PlyCount "57"]
[EventDate "1997.01.25"]
[Source "J.Saunders"]
[SourceDate "1998.06.06"]

1. Nf3 Nf6 2. c4 g6 3. Nc3 Bg7 4. e4 d6 5. d4 O-O 6. Be2 e5 7. Be3 Ng4 8. Bg5
f6 9. Bh4 Nc6 10. d5 Ne7 11. Nd2 h5 12. h3 Nh6 13. f3 g5 14. Bf2 f5 15. exf5
Nhxf5 16. Nde4 Ng6 17. Qd2 Nfh4 18. O-O-O Nf4 19. Rdg1 Bh6 20. Kb1 Kh7 21. Qc2
Bf5 22. g4 Nxe2 23. Nxe2 Bg6 24. gxh5 Bf5 25. N2g3 Qd7 26. Nxf5 Qxf5 27. Bxh4
gxh4 28. Rg6 Be3 29. Rf6 1-0

[Event "NCL967 Croydon-Slough"]
[Site "Rd5"]
[Date "1997.??.??"]
[Round "5.2"]
[White "Wilson, Jon"]
[Black "Kosten, Anthony"]
[Result "1/2-1/2"]
[WhiteElo "2285"]
[BlackElo "2525"]
[PlyCount "117"]
[EventDate "1997.01.25"]
[Source "J.Saunders"]
[SourceDate "1998.06.06"]

1. d4 Nf6 2. c4 e6 3. Nc3 Bb4 4. e3 O-O 5. Bd3 d5 6. cxd5 exd5 7. Nge2 Bd6 8.
f3 Re8 9. O-O c5 10. Qe1 Nc6 11. Qh4 Be7 12. Qf2 a6 13. g4 b5 14. Ng3 b4 15.
Nce2 a5 16. Bd2 Ba6 17. Bxa6 Rxa6 18. g5 Nd7 19. f4 Nb6 20. Rad1 Nc4 21. Bc1 a4
22. h4 b3 23. axb3 axb3 24. f5 Nb4 25. f6 gxf6 26. Nh5 Kh8 27. gxf6 Rg8+ 28.
Kh1 Bf8 29. Rg1 Rg6 30. Nef4 Nd6 31. Nxg6+ hxg6 32. Ng3 c4 33. h5 g5 34. e4
Nxe4 35. Nxe4 dxe4 36. Bxg5 Qd5 37. Qg2 e3 38. Bxe3 Rxf6 39. Qxd5 Nxd5 40. Bg5
Rf2 41. Rgf1 Rxb2 42. Rxf7 Bd6 43. Re1 Kg8 44. Rd7 Rh2+ 45. Kg1 Rxh5 46. Re8+
Bf8 47. Rxd5 c3 48. Rf5 Kg7 49. Rb8 b2 50. Bf6+ Kg6 51. Rf2 Rf5 52. Rc2 Bd6 53.
Rb3 Ra5 54. Rcxc3 Ra1+ 55. Kg2 b1=Q 56. Rxb1 Rxb1 57. Be5 Bxe5 58. dxe5 Re1 59.
Rc6+ 1/2-1/2

[Event "NCL967 Croydon-Slough"]
[Site "Rd5"]
[Date "1997.??.??"]
[Round "5.3"]
[White "Summerscale, Aaron"]
[Black "Harley, Andrew"]
[Result "1/2-1/2"]
[WhiteElo "2500"]
[BlackElo "2265"]
[PlyCount "40"]
[EventDate "1997.01.25"]
[Source "J.Saunders"]
[SourceDate "1998.06.06"]

1. d4 e6 2. c4 Nf6 3. Nf3 b6 4. g3 Ba6 5. b3 Bb4+ 6. Bd2 Be7 7. Bg2 c6 8. O-O
d5 9. Ne5 Nfd7 10. Bf4 Nxe5 11. Bxe5 O-O 12. Nd2 Nd7 13. Rc1 Rc8 14. Nf3 Nf6
15. Bh3 c5 16. dxc5 Rxc5 17. Bd4 Rc7 18. Be5 Rc5 19. Bd4 Rc7 20. Be5 Rc5
1/2-1/2

[Event "NCL967 Croydon-Slough"]
[Site "Rd5"]
[Date "1997.??.??"]
[Round "5.4"]
[White "Ledger, Stephen"]
[Black "Lalic, Susan"]
[Result "0-1"]
[WhiteElo "2250"]
[BlackElo "2365"]
[PlyCount "78"]
[EventDate "1997.01.25"]
[Source "J.Saunders"]
[SourceDate "1998.06.06"]

1. d4 Nf6 2. Nf3 e6 3. Bf4 c5 4. c3 Nc6 5. e3 cxd4 6. exd4 Be7 7. h3 O-O 8. Bd3
d6 9. O-O b6 10. Re1 Bb7 11. Qe2 Re8 12. Nbd2 Bf8 13. Bg5 a6 14. a4 Be7 15. Nh2
Nb8 16. Nc4 Nbd7 17. f4 Qc7 18. Ng4 Nxg4 19. Bxe7 Rxe7 20. Qxg4 Nf6 21. Qh4 Qc6
22. Re2 h6 23. Ne3 Rae8 24. Ng4 Nxg4 25. hxg4 e5 26. fxe5 dxe5 27. Be4 Qc4 28.
Rae1 Bxe4 29. Rxe4 Qxa4 30. g5 hxg5 31. Qxg5 Qb3 32. Rg4 f6 33. Qxf6 Rf7 34.
Qg6 Qxb2 35. Rxe5 Rxe5 36. dxe5 Qxc3 37. e6 Qe1+ 38. Kh2 Qe5+ 39. Rg3 Re7 0-1

[Event "NCL967 Croydon-Slough"]
[Site "Rd5"]
[Date "1997.??.??"]
[Round "5.5"]
[White "Webb, Richard"]
[Black "Rosen, Daniel"]
[Result "1/2-1/2"]
[WhiteElo "2290"]
[BlackElo "2210"]
[PlyCount "81"]
[EventDate "1997.01.25"]
[Source "J.Saunders"]
[SourceDate "1998.06.06"]

1. e4 g6 2. d4 Bg7 3. Nf3 d6 4. Be2 Nf6 5. Nc3 O-O 6. O-O Bg4 7. Be3 Nc6 8. Qd2
Bxf3 9. Bxf3 e5 10. dxe5 dxe5 11. Rad1 Qxd2 12. Rxd2 Rfd8 13. Rfd1 Rxd2 14.
Rxd2 Bf8 15. Nb5 Ne8 16. Be2 a6 17. Nc3 Rd8 18. Rxd8 Nxd8 19. Nd5 Kg7 20. c3 f6
21. Bg4 Kf7 22. Bd7 Nd6 23. Nxc7 Nxe4 24. Nd5 Bc5 25. Bxc5 Nxc5 26. Bc8 Ne4 27.
Kf1 Nd6 28. Bd7 Ne6 29. b4 f5 30. Ke2 e4 31. g3 Nf8 32. Ba4 Ke6 33. Bb3 Ke5 34.
a4 Ne6 35. Nb6 Nf8 36. a5 g5 37. Nd5 f4 38. gxf4+ gxf4 39. Ne7 Ne6 40. Bd5 Nc7
41. Bg8 1/2-1/2

[Event "NCL967 Croydon-Slough"]
[Site "Rd5"]
[Date "1997.??.??"]
[Round "5.7"]
[White "Smith, Andrew P"]
[Black "McGrath, James"]
[Result "1-0"]
[WhiteElo "2265"]
[BlackElo "2088"]
[PlyCount "81"]
[EventDate "1997.01.25"]
[Source "J.Saunders"]
[SourceDate "1998.06.06"]

1. e4 Nf6 2. e5 Nd5 3. d4 d6 4. Nf3 Nc6 5. c4 Nb6 6. e6 fxe6 7. Bd3 e5 8. d5
Nd4 9. Nxd4 exd4 10. Qh5+ g6 11. Bxg6+ hxg6 12. Qxh8 e5 13. dxe6 Bxe6 14. Bh6
Qe7 15. Bxf8 Qxf8 16. Qxd4 Bxc4 17. Nd2 Bd5 18. O-O O-O-O 19. a4 Qh6 20. Ra3 c5
21. Qg4+ Kc7 22. Ne4 Nd7 23. Rd1 Re8 24. Nc3 Bc6 25. Nb5+ Bxb5 26. axb5 Qd2 27.
Raa1 Qxb2 28. Qxg6 Qe5 29. h3 Re6 30. Qd3 Rf6 31. Rxa7 Qb2 32. Qe4 Qxf2+ 33.
Kh1 Rf7 34. Rxb7+ Kd8 35. Rxd6 Qg3 36. Rd1 Re7 37. Qd5 Re1+ 38. Rxe1 Qxe1+ 39.
Kh2 Qe7 40. Ra7 c4 41. Ra8+ 1-0

[Event "NCL967 Croydon-Slough"]
[Site "Rd5"]
[Date "1997.??.??"]
[Round "5.8"]
[White "Turvey, Syringa"]
[Black "Houska, Jovanka"]
[Result "0-1"]
[WhiteElo "1624"]
[BlackElo "2115"]
[PlyCount "80"]
[EventDate "1997.01.25"]
[Source "J.Saunders"]
[SourceDate "1998.06.06"]

1. e4 d5 2. exd5 Nf6 3. Nc3 Nxd5 4. Nge2 Bf5 5. d3 c6 6. b3 e6 7. Bb2 Nd7 8. g3
Qa5 9. Qd2 h5 10. Nd4 Bb4 11. Nde2 h4 12. Bg2 h3 13. Be4 Ne5 14. Bxd5 cxd5 15.
Qf4 d4 16. Nxd4 Bxc3+ 17. Bxc3 Qxc3+ 18. Ke2 Bxd3+ 19. cxd3 Qxd3+ 20. Ke1 Qxd4
21. Qxd4 Nf3+ 22. Ke2 Nxd4+ 23. Kd3 Nc6 24. Ke4 Ke7 25. Rhd1 Rhd8 26. f4 Rxd1
27. Rxd1 Rd8 28. Rxd8 Nxd8 29. g4 Nc6 30. g5 f6 31. Kf3 fxg5 32. fxg5 e5 33.
Kg4 Ke6 34. a4 Nd4 35. b4 e4 36. Kxh3 Kf5 37. g6 e3 38. Kg2 Kxg6 39. b5 Kf5 40.
a5 Ke4 0-1

[Event "NCL967 Northumbria-Wood Green"]
[Site "Rd5"]
[Date "1997.??.??"]
[Round "5.1"]
[White "Emms, John"]
[Black "Ledger, Andrew"]
[Result "0-1"]
[WhiteElo "2500"]
[BlackElo "2415"]
[PlyCount "106"]
[EventDate "1997.01.25"]
[Source "J.Saunders"]
[SourceDate "1998.06.06"]

1. e4 c6 2. d4 d5 3. Nd2 dxe4 4. Nxe4 Nd7 5. Ng5 Ndf6 6. c3 h6 7. N5f3 Bf5 8.
Ne5 e6 9. Ngf3 Bd6 10. Bd3 Ne7 11. Bxf5 Nxf5 12. Qe2 Nd7 13. Bf4 Qc7 14. g4 Ne7
15. Bg3 Nxe5 16. Nxe5 h5 17. gxh5 Nf5 18. O-O-O Qe7 19. Qg4 Qf6 20. Kb1 Qh6 21.
Nc4 O-O-O 22. Nxd6+ Nxd6 23. Bxd6 Rxd6 24. Rhg1 Rd5 25. Qxg7 Qxh5 26. a3 Qf5+
27. Ka1 Rxh2 28. f4 Qxf4 29. Qf8+ Rd8 30. Qc5 a6 31. Rgf1 Rf2 32. Rxf2 Qxf2 33.
Qa7 e5 34. Rh1 exd4 35. cxd4 Qxd4 36. Qxd4 Rxd4 37. Rf1 Rd7 38. b4 Kd8 39. Kb2
Ke7 40. Kc3 Rd5 41. Re1+ Kd7 42. Rh1 a5 43. bxa5 Rxa5 44. Kb4 Rf5 45. a4 b6 46.
Rh4 Kc7 47. Re4 Kb7 48. Re7+ Ka6 49. Rc7 c5+ 50. Kc4 Rf4+ 51. Kd5 Rxa4 52. Kc6
Rf4 53. Rc8 Rf6+ 0-1

[Event "NCL967 Northumbria-Wood Green"]
[Site "Rd5"]
[Date "1997.??.??"]
[Round "5.2"]
[White "McNab, Colin"]
[Black "Levitt, Jon"]
[Result "1/2-1/2"]
[WhiteElo "2465"]
[BlackElo "2435"]
[PlyCount "42"]
[EventDate "1997.01.25"]
[Source "J.Saunders"]
[SourceDate "1998.06.06"]

1. c4 f5 2. b3 e5 3. Bb2 d6 4. d4 Nd7 5. Nc3 Ngf6 6. e3 g6 7. h4 Bg7 8. h5 Nxh5
9. Rxh5 gxh5 10. Qxh5+ Kf8 11. Qxf5+ Nf6 12. Qc2 exd4 13. exd4 Bg4 14. Bd3 Qe8+
15. Nge2 Bh6 16. Kf1 Qh5 17. Ng3 Qh2 18. Bf5 Rg8 19. Nd5 Bf3 20. gxf3 Rxg3 21.
fxg3 Qh1+ 1/2-1/2

[Event "NCL967 Northumbria-Wood Green"]
[Site "Rd5"]
[Date "1997.??.??"]
[Round "5.3"]
[White "Arakhamia, Ketevan"]
[Black "Wall, Tim"]
[Result "0-1"]
[WhiteElo "2455"]
[BlackElo "2320"]
[PlyCount "112"]
[EventDate "1997.01.25"]
[Source "J.Saunders"]
[SourceDate "1998.06.06"]

1. e4 c5 2. Nf3 e6 3. d4 cxd4 4. Nxd4 Nf6 5. Nc3 Bb4 6. e5 Ne4 7. Qg4 Qa5 8.
Ndb5 Nxc3 9. Bd2 Nd5 10. c3 Bf8 11. Nd6+ Bxd6 12. exd6 Nf6 13. Qxg7 Qe5+ 14.
Be3 Rg8 15. Qh6 Rg6 16. Qf4 Qxf4 17. Bxf4 Nc6 18. O-O-O b6 19. Bd3 Rg8 20. h4
Bb7 21. f3 Nd5 22. Bxh7 Nxf4 23. Bxg8 O-O-O 24. Bxf7 Ne5 25. h5 Nxf7 26. h6
Nxg2 27. h7 Rh8 28. Rh3 Ng5 29. Rg3 Nxh7 30. Rh1 Nf4 31. Rg7 Bxf3 32. Rhxh7
Rxh7 33. Rxh7 Nd3+ 34. Kc2 Nc5 35. Rf7 Be4+ 36. Kd2 Bd5 37. Ke3 Ne4 38. c4 Bc6
39. Kd4 Nxd6 40. Rh7 a5 41. b3 Be4 42. Rh5 Bg6 43. Rg5 Bf5 44. Rg8+ Kc7 45. Ke5
Ne4 46. Kd4 Nc5 47. Rg7 Kc6 48. Rg8 Bb1 49. Rg2 d6 50. Rh2 e5+ 51. Ke3 Ne6 52.
Rb2 Bf5 53. Rh2 Nd4 54. Rh8 Bb1 55. Rh2 Kc5 56. Rb2 Bc2 0-1

[Event "NCL967 Northumbria-Wood Green"]
[Site "Rd5"]
[Date "1997.??.??"]
[Round "5.4"]
[White "Bell, Stephen"]
[Black "Littlewood, Paul"]
[Result "0-1"]
[WhiteElo "2365"]
[BlackElo "2440"]
[PlyCount "90"]
[EventDate "1997.01.25"]
[Source "J.Saunders"]
[SourceDate "1998.06.06"]

1. d4 Nf6 2. Nf3 g6 3. c4 Bg7 4. g3 O-O 5. Bg2 d6 6. O-O Nbd7 7. Nc3 e5 8. h3
c6 9. e4 Qb6 10. Re1 a5 11. c5 dxc5 12. Na4 Qa7 13. dxc5 Nxc5 14. Be3 Nfd7 15.
Nxc5 Nxc5 16. Qd6 b6 17. Nxe5 Bb7 18. Nc4 Ba6 19. Nxb6 Qxb6 20. Bxc5 Qxb2 21.
e5 Rfd8 22. Qc7 Bc4 23. Bd6 Rdc8 24. Rab1 Qxa2 25. Qb7 Bd5 26. Ra1 Qb3 27. Qxb3
Bxb3 28. Rec1 Ra6 29. Rc3 Be6 30. Bf1 Ra7 31. f4 Bf8 32. Bxf8 Kxf8 33. Kf2 Ke7
34. g4 Bd5 35. Ke3 Rb8 36. Kd4 Rb4+ 37. Bc4 a4 38. Raa3 Ra5 39. Kd3 Ke6 40. Ba2
Ra6 41. Rc4 Rxc4 42. Bxc4 Ra5 43. Kc3 Bxc4 44. Kb4 Ra8 45. Kxc4 g5 0-1

[Event "NCL967 Northumbria-Wood Green"]
[Site "Rd5"]
[Date "1997.??.??"]
[Round "5.5"]
[White "Law, Andrew"]
[Black "Ledger, David"]
[Result "0-1"]
[WhiteElo "2370"]
[BlackElo "2235"]
[PlyCount "72"]
[EventDate "1997.01.25"]
[Source "J.Saunders"]
[SourceDate "1998.06.06"]

1. d4 Nf6 2. c4 g6 3. Nc3 Bg7 4. e4 d6 5. Nf3 O-O 6. h3 e5 7. d5 a5 8. Be3 Na6
9. g4 Nc5 10. Nd2 c6 11. Be2 cxd5 12. cxd5 Bd7 13. a4 Ne8 14. Nc4 Rc8 15. O-O
f5 16. f3 Bf6 17. Kg2 Bh4 18. Ra3 f4 19. Bd2 b6 20. Nb5 Bxb5 21. axb5 Rf7 22.
b4 axb4 23. Bxb4 h5 24. Qa1 Bg3 25. Bxc5 bxc5 26. b6 Rh7 27. Rh1 Rb8 28. Ra7
Rxa7 29. bxa7 Ra8 30. Qa6 Qe7 31. Ra1 hxg4 32. hxg4 Qh7 33. Rh1 Qxa7 34. Qc6
Rd8 35. Rb1 Qa2 36. Rb2 Qa1 0-1

[Event "NCL967 Northumbria-Wood Green"]
[Site "Rd5"]
[Date "1997.??.??"]
[Round "5.6"]
[White "Waters, Clive"]
[Black "Sowray, Peter"]
[Result "0-1"]
[WhiteElo "2235"]
[BlackElo "2350"]
[PlyCount "66"]
[EventDate "1997.01.25"]
[Source "J.Saunders"]
[SourceDate "1998.06.06"]

1. e4 c5 2. d3 Nc6 3. g3 g6 4. Bg2 Bg7 5. f4 d6 6. Nf3 e5 7. O-O Nge7 8. Nc3
Nd4 9. Nxd4 cxd4 10. Nd5 Nxd5 11. exd5 h5 12. fxe5 Bg4 13. Qe1 dxe5 14. Qb4 Qb6
15. Qxb6 axb6 16. Bg5 Bf5 17. Be4 Bh3 18. Bf6 Bxf6 19. Rxf6 O-O 20. Rxb6 Rfc8
21. d6 Rxc2 22. Rxb7 Rd8 23. Rb6 f5 24. Bd5+ Kg7 25. Re1 e4 26. dxe4 d3 27. Rd1
Rg2+ 28. Kh1 Re2 29. Kg1 d2 30. Bb3 fxe4 31. Rb7+ Kh6 32. d7 Re1+ 33. Kf2 Rf8+
0-1

[Event "NCL967 Northumbria-Wood Green"]
[Site "Rd5"]
[Date "1997.??.??"]
[Round "5.7"]
[White "Lee, Graham"]
[Black "King, Jonathan"]
[Result "1-0"]
[WhiteElo "2375"]
[BlackElo "2115"]
[PlyCount "61"]
[EventDate "1997.01.25"]
[Source "J.Saunders"]
[SourceDate "1998.06.06"]

1. e4 e6 2. d4 d5 3. e5 c5 4. c3 Ne7 5. Nf3 Nec6 6. a3 a5 7. a4 b6 8. Na3 Ba6
9. Nb5 Na7 10. c4 Nxb5 11. cxb5 Bb7 12. Bd3 Nd7 13. O-O Be7 14. Be3 f6 15. exf6
Bxf6 16. Qc2 g6 17. dxc5 bxc5 18. Bxc5 Nxc5 19. Qxc5 Qe7 20. Rac1 Rc8 21. Qb6
O-O 22. Nd4 Bxd4 23. Qxd4 e5 24. Qa7 Qg5 25. Rxc8 Bxc8 26. Qe3 Qf6 27. Qd2 e4
28. Bb1 Be6 29. Rc1 Qe5 30. Ba2 Rd8 31. Qxa5 1-0

[Event "NCL967 Northumbria-Wood Green"]
[Site "Rd5"]
[Date "1997.??.??"]
[Round "5.8"]
[White "Barnes, Lara"]
[Black "Jackson, Sheila"]
[Result "0-1"]
[WhiteElo "1264"]
[BlackElo "2150"]
[PlyCount "54"]
[EventDate "1997.01.25"]
[Source "J.Saunders"]
[SourceDate "1998.06.06"]

1. Nf3 d5 2. g3 c6 3. Bg2 Bg4 4. d3 Nd7 5. Nbd2 Ngf6 6. O-O e6 7. h3 Bh5 8. c3
Be7 9. Re1 O-O 10. Kh1 Qb6 11. d4 c5 12. e4 cxd4 13. exd5 dxc3 14. bxc3 Nxd5
15. c4 Nc3 16. Qb3 Bf6 17. Bb2 Nc5 18. Qxb6 axb6 19. Bxc3 Bxc3 20. Rab1 Bxf3
21. Nxf3 Bxe1 22. Rxe1 Rxa2 23. Kg1 Rfa8 24. Kh2 Rxf2 25. Rd1 g6 26. Kg1 Raa2
27. Bh1 Ne4 0-1

[Event "NCL967 Richmond-Witney"]
[Site "Rd5"]
[Date "1997.??.??"]
[Round "5.1"]
[White "Ansell, Simon"]
[Black "McShane, Luke"]
[Result "1/2-1/2"]
[WhiteElo "2420"]
[BlackElo "2385"]
[PlyCount "89"]
[EventDate "1997.01.25"]
[Source "J.Saunders"]
[SourceDate "1998.06.06"]

1. e4 c5 2. Nf3 d6 3. d4 cxd4 4. Nxd4 Nf6 5. Nc3 a6 6. f4 Qc7 7. Nf3 Nbd7 8. a4
g6 9. Bd3 Bg7 10. O-O O-O 11. Qe1 b6 12. Qh4 Bb7 13. f5 e6 14. Bh6 Rae8 15. Kh1
Qc5 16. Ng5 Qb4 17. fxe6 fxe6 18. Rab1 Qc5 19. Rf3 Qc7 20. Bxg7 Kxg7 21. Qh3
Bc8 22. Rbf1 h6 23. Nxe6+ Rxe6 24. Qxe6 Ne5 25. Nd5 Qd8 26. Qe7+ Qxe7 27. Nxe7
Nxf3 28. gxf3 Bd7 29. f4 Rf7 30. Nd5 Nxd5 31. exd5 Bxa4 32. b3 Bb5 33. Bxb5
axb5 34. Kg2 Rc7 35. Rf2 Rc3 36. Re2 Kf7 37. Re6 Rxc2+ 38. Kg3 Rc3+ 39. Kg4
Rxb3 40. Rxd6 Rd3 41. h4 b4 42. h5 gxh5+ 43. Kxh5 b3 44. Rxb6 Rxd5+ 45. Kxh6
1/2-1/2

[Event "NCL967 Richmond-Witney"]
[Site "Rd5"]
[Date "1997.??.??"]
[Round "5.2"]
[White "Williams, Simon"]
[Black "Headlong, Tim"]
[Result "1-0"]
[WhiteElo "2350"]
[BlackElo "2250"]
[PlyCount "59"]
[EventDate "1997.01.25"]
[Source "J.Saunders"]
[SourceDate "1998.06.06"]

1. c4 e6 2. Nc3 d5 3. d4 c5 4. cxd5 exd5 5. e4 dxe4 6. Bb5+ Nd7 7. Bf4 Ngf6 8.
d5 g6 9. f3 Bg7 10. fxe4 O-O 11. Nge2 Re8 12. e5 Nh5 13. e6 Nxf4 14. exf7+ Kxf7
15. O-O Kg8 16. Nxf4 a6 17. Ne6 Rxe6 18. dxe6 Bd4+ 19. Kh1 axb5 20. exd7 Bxd7
21. Nxb5 Bxb5 22. Qb3+ Kh8 23. Qxb5 Qd5 24. Rae1 Qc6 25. Qc4 Bxb2 26. Qf7 Bg7
27. Re7 Rg8 28. Rxb7 c4 29. Rc7 Qa6 30. Qxc4 1-0

[Event "NCL967 Richmond-Witney"]
[Site "Rd5"]
[Date "1997.??.??"]
[Round "5.3"]
[White "Haydon, Richard"]
[Black "Bates, Richard"]
[Result "0-1"]
[WhiteElo "2220"]
[BlackElo "2315"]
[PlyCount "56"]
[EventDate "1997.01.25"]
[Source "J.Saunders"]
[SourceDate "1998.06.06"]

1. Nf3 Nf6 2. c4 g6 3. Nc3 Bg7 4. e4 d6 5. d4 O-O 6. Be2 Na6 7. O-O e5 8. Be3
Ng4 9. Bg5 f6 10. Bc1 Qe8 11. h3 Nh6 12. Re1 Nf7 13. Rb1 Kh8 14. dxe5 Nxe5 15.
Nd4 Qf7 16. b3 f5 17. f4 Nc6 18. Be3 Bd7 19. Rc1 Rae8 20. Bf3 fxe4 21. Nxe4
Nxd4 22. Bxd4 Qxf4 23. Bxg7+ Kxg7 24. c5 Bc6 25. cxd6 cxd6 26. Qxd6 Rxe4 27.
Qxf4 Rxe1+ 28. Rxe1 Rxf4 0-1

[Event "NCL967 Richmond-Witney"]
[Site "Rd5"]
[Date "1997.??.??"]
[Round "5.4"]
[White "Trifunovic, Aleks"]
[Black "Truran, Michael"]
[Result "1/2-1/2"]
[WhiteElo "2250"]
[BlackElo "2255"]
[PlyCount "132"]
[EventDate "1997.01.25"]
[Source "J.Saunders"]
[SourceDate "1998.06.06"]

1. d4 d5 2. c4 dxc4 3. Nf3 Nf6 4. Nc3 c6 5. e4 b5 6. e5 Nd5 7. a4 e6 8. axb5
Nxc3 9. bxc3 cxb5 10. Ng5 Bb7 11. Qh5 g6 12. Qg4 Be7 13. Be2 Nd7 14. Rb1 Bd5
15. Rxb5 Nb6 16. O-O a5 17. Ne4 h5 18. Qf4 a4 19. Nd6+ Bxd6 20. exd6 a3 21. Bd2
f6 22. Bf3 Kf7 23. h4 Ra6 24. Ra1 Qd7 25. Rc5 Ra7 26. Rxa3 Rxa3 27. Rc7 Ra7 28.
Rxd7+ Rxd7 29. Bc1 Bxf3 30. Qxf3 Nd5 31. Ba3 Ra8 32. Bc5 Ra1+ 33. Kh2 Rc1 34.
Qe2 Rxc3 35. Qa2 Rb3 36. Qa4 Rbb7 37. Qxc4 Rb8 38. Qa4 Rbb7 39. Qa8 Kg7 40. Qe8
e5 41. dxe5 fxe5 42. Qxe5+ Nf6 43. Bd4 Rf7 44. Qe6 Rb4 45. Be5 Rxh4+ 46. Kg1
Rb4 47. d7 Rb1+ 48. Kh2 Rd1 49. Bxf6+ Rxf6 50. Qe7+ Rf7 51. d8=Q Rxd8 52. Qxd8
Rxf2 53. Qd4+ Rf6 54. Qe5 Kf7 55. Kg3 Rf5 56. Qc7+ Kg8 57. Kh4 Kh8 58. Qc8+ Kg7
59. Qd7+ Kh6 60. Qd6 Kg7 61. Qd4+ Kh7 62. g3 Rf7 63. Qe5 Kg8 64. Qd5 Kg7 65.
Qd4+ Kh7 66. Qc3 Rf5 1/2-1/2

[Event "NCL967 Richmond-Witney"]
[Site "Rd5"]
[Date "1997.??.??"]
[Round "5.5"]
[White "Cooksey, Paul"]
[Black "Wall, Gavin"]
[Result "0-1"]
[WhiteElo "2150"]
[BlackElo "2305"]
[PlyCount "82"]
[EventDate "1997.01.25"]
[Source "J.Saunders"]
[SourceDate "1998.06.06"]

1. e4 e5 2. Nc3 Nc6 3. Nf3 Nf6 4. Bb5 Nd4 5. Ba4 c6 6. O-O Bc5 7. d3 d6 8. Nxd4
Bxd4 9. Ne2 Bb6 10. c3 O-O 11. Bg5 h6 12. Bh4 g5 13. Bg3 Nh5 14. d4 Qf6 15. Qd3
Nf4 16. Bxf4 gxf4 17. Rad1 Kh7 18. Kh1 Rg8 19. f3 Rg5 20. g3 fxg3 21. Nxg3 Bh3
22. Rf2 Qf4 23. Bb3 Rag8 24. Qd2 h5 25. Qxf4 exf4 26. Nf5 d5 27. Ne7 Re8 28.
Nf5 dxe4 29. fxe4 Rxe4 30. Nd6 Re7 31. Nxf7 Rg6 32. Rfd2 Bf5 33. h4 Rg4 34.
Ng5+ Kh6 35. Rh2 Re3 36. Rf1 Bd8 37. Bd1 Rgg3 38. Rg2 Bxg5 39. Rxg3 Rxg3 40.
hxg5+ Kxg5 41. Re1 Re3 0-1

[Event "NCL967 Richmond-Witney"]
[Site "Rd5"]
[Date "1997.??.??"]
[Round "5.7"]
[White "Hackett, Dave"]
[Black "Beake, Ben"]
[Result "1-0"]
[WhiteElo "2000"]
[BlackElo "2112"]
[PlyCount "70"]
[EventDate "1997.01.25"]
[Source "J.Saunders"]
[SourceDate "1998.06.06"]

1. e4 e6 2. d4 d5 3. e5 c5 4. c3 Nc6 5. Nf3 Qb6 6. Bd3 cxd4 7. cxd4 Bd7 8. O-O
Nxd4 9. Nxd4 Qxd4 10. Nc3 Qxe5 11. Re1 Qb8 12. Nxd5 Bd6 13. Qg4 Kf8 14. Qh3 h5
15. Ne3 Nf6 16. Bd2 Kg8 17. Bc3 Bf4 18. Rad1 Bc6 19. Nf1 Rh6 20. Ng3 h4 21. Ne2
Nd5 22. Bd4 Be5 23. Bxe5 Qxe5 24. Nd4 Qg5 25. Nxc6 bxc6 26. Re4 Rb8 27. Ra4 Qe7
28. Rc1 e5 29. Be4 g5 30. Qf5 Rxb2 31. Rxc6 Rd2 32. h3 Rd1+ 33. Kh2 f6 34. Qc8+
Kg7 35. Bxd5 Rh8 1-0

[Event "NCL967 Richmond-Witney"]
[Site "Rd5"]
[Date "1997.??.??"]
[Round "5.8"]
[White "Bates, Ruth"]
[Black "Houska, Ivana"]
[Result "1-0"]
[WhiteElo "1880"]
[BlackElo "1408"]
[PlyCount "65"]
[EventDate "1997.01.25"]
[Source "J.Saunders"]
[SourceDate "1998.06.06"]

1. d4 d5 2. e3 Bf5 3. c4 c6 4. cxd5 cxd5 5. Qb3 b6 6. Nf3 Nf6 7. Bd2 e6 8. Bb5+
Nbd7 9. Ne5 Bd6 10. Nxd7 Nxd7 11. Bb4 Bxb4+ 12. Qxb4 Bxb1 13. Rxb1 Rc8 14. O-O
h5 15. Rbc1 Rb8 16. Qd6 Rc8 17. Ba6 Rb8 18. Rc7 Qe7 19. Rxd7 Qxd6 20. Rxd6 b5
21. Rc1 Ke7 22. Rdc6 Rhd8 23. R1c5 b4 24. Kf1 b3 25. a3 g6 26. Ke2 h4 27. Kd2
Rd6 28. Rxd6 Kxd6 29. Rb5 Rxb5 30. Bxb5 a5 31. Kc3 Kc7 32. Kxb3 Kb6 33. Be8 1-0